Online katalóg knižníc regiónu Turca

Chráňte ovocné stromy : (Record no. 20233)

MARC details
000 -LEADER
fixed length control field 00875nam a22002531 4500
001 - CONTROL NUMBER
control field 20233
003 - CONTROL NUMBER IDENTIFIER
control field CZ PrNK
005 - DATE AND TIME OF LATEST TRANSACTION
control field 20260120101049.0
008 - FIXED-LENGTH DATA ELEMENTS--GENERAL INFORMATION
fixed length control field 991029s1956 xo slo
040 ## - CATALOGING SOURCE
Original cataloging agency ABA001
Language of cataloging cze
Transcribing agency ABA001
Modifying agency ABA001
080 ## - UNIVERSAL DECIMAL CLASSIFICATION NUMBER
Universal Decimal Classification number 632.7:634.1/.7+634.8
Edition identifier undef
100 1# - MAIN ENTRY--PERSONAL NAME
Personal name Křenek, Oskar
Relationship aut
245 10 - TITLE STATEMENT
Title Chráňte ovocné stromy :
Remainder of title stručný prehľad vývinu niektorých škôdcov ovocných stromov a viniča obdobie škodlivosti a vhodné obdobie ich ničenia /
Statement of responsibility, etc. Oskar Křenek
250 ## - EDITION STATEMENT
Edition statement 2., dopl. vyd.
260 ## - PUBLICATION, DISTRIBUTION, ETC.
Place of publication, distribution, etc. Bratislava :
Name of publisher, distributor, etc. Sloven. vyd. pôdohospod. lit.,
Date of publication, distribution, etc. 1956
Place of manufacture (Trnava :
Manufacturer Polygrafické závody)
300 ## - PHYSICAL DESCRIPTION
Extent 116, [4] s. :
Other physical details il., tb. ;
Dimensions
490 1# - SERIES STATEMENT
Series statement Rastlinná výroba ;
Volume/sequential designation zv. 58
500 ## - GENERAL NOTE
General note 5200 výt.
500 ## - GENERAL NOTE
General note Lit.
500 ## - GENERAL NOTE
General note Vysvetl.
830 #0 - SERIES ADDED ENTRY--UNIFORM TITLE
Uniform title Rastlinná výroba
910 ## - USER-OPTION DATA (OCLC)
User-option data ABA001
942 ## - ADDED ENTRY ELEMENTS (KOHA)
Source of classification or shelving scheme Dewey Decimal Classification
Koha item type Odborná literatúra pre dospelých
Suppress in OPAC No
Holdings
Stav vyradenia Strata Poškodenie Spôsob nadobudnutia Domovská knižnica Aktuálna knižnica Dátum nadobudnutia Total checkouts Čiarový kód exemplára Date last seen Typ exemplára
      Dar Obecná knižnica Horná Štubňa Obecná knižnica Horná Štubňa 20.01.2026   4736200238 20.01.2026 Odborná literatúra pre dospelých
Projekt je podporený Slovenskou asociáciou knižníc
Prevádzkuje Turčianska knižnica Martin 2026